000 003120000a22000970004500
100 1 _aTolen, Aaron
245 1 0 _aTheme presentation IV : Break the chains of injustice -An African perspective
300 _aVol. 47, Num. 3 & 4 (Septiembre-Diciembre, 1997), Páginas 162-169
773 0 _tReformed World
942 _cANA
999 _c55508
_d55508